Linear algebra, geodesy, and GPS /

Guardado en:
Autor Principal: Strang, Gilbert.
Otros Autores: Borre, Kai.
Formato: Libro
Idioma:English
Publicado: Wellesley : Wellesley-Cambridge press, 1997.
Materias:
Etiquetas: Agregar Etiqueta
Sin Etiquetas, Sea el primero en etiquetar este registro!
LEADER 00545nam a22001815a 4500
001 EUN.um069521
003 AR-BaUNS
005 20050623122932.0
008 041125s1997####xxua##########000#0#eng#d
245 1 0 |a Linear algebra, geodesy, and GPS /  |c Gilbert Strang, Kai Borre. 
260 |a Wellesley :  |b Wellesley-Cambridge press,  |c 1997. 
300 |a 624 p. :  |b ill. ;  |c 25 cm. 
020 |a 0961408863 
100 1 |a Strang, Gilbert. 
700 1 |a Borre, Kai. 
082 0 4 |a 526.1 
653 |a Algebra lineal 
859 |a Ar-BaUNS  |b Dto. Ingenieria  |h 526.1  |i St81  |p 113410/002